Southville International School and Colleges
Your cart is empty.
  • Cart
  • Lists
    Public lists Eva Luna New books Lux_list list_1
    Your lists Log in to create your own lists
  • Log in to your account
  • Your cookies
  • Search history
Southville International School and Colleges
  • Advanced search
  • Recent comments
  • Most popular
  • Libraries

Log in to your account

Log in with GOOGLE


If you do not have an external account, but do have a local account, you can still log in:

  1. Home
  2. MARC view: Media communication :
Normal view MARC view ISBD view

Media communication : (Record no. 23177)

[ view plain ]
MARC details
000 -LEADER
fixed length control field 00588nam a2200205 a 4500
005 - DATE AND TIME OF LATEST TRANSACTION
control field 20140310183443.0
008 - FIXED-LENGTH DATA ELEMENTS--GENERAL INFORMATION
fixed length control field 080916s19uu xx 00 eng d
020 ## - INTERNATIONAL STANDARD BOOK NUMBER
International Standard Book Number 9780230535497
050 ## - LIBRARY OF CONGRESS CALL NUMBER
Classification number P 90
Item number .W29 2008
100 ## - MAIN ENTRY--PERSONAL NAME
Personal name Watson, James
245 ## - TITLE STATEMENT
Title Media communication :
Remainder of title an introduction to theory and process /
Statement of responsibility, etc James Watson.
250 ## - EDITION STATEMENT
Edition statement 3rd ed.
260 ## - PUBLICATION, DISTRIBUTION, ETC. (IMPRINT)
Place of publication, distribution, etc London :
Name of publisher, distributor, etc Palgrave Macmillan,
Date of publication, distribution, etc 2008.
300 ## - PHYSICAL DESCRIPTION
Extent 452 p. :
Other physical details ill. ;
Dimensions 22 cm.
521 ## - TARGET AUDIENCE NOTE
Target audience note
650 ## - SUBJECT ADDED ENTRY--TOPICAL TERM
Topical term or geographic name as entry element Mass Communication.
650 ## - SUBJECT ADDED ENTRY--TOPICAL TERM
Topical term or geographic name as entry element Mass Media and Culture.
942 ## - ADDED ENTRY ELEMENTS (KOHA)
Koha item type Books
Source of classification or shelving scheme Library of Congress Classification
Call number prefix Foreign
Holdings
Withdrawn status Lost status Source of classification or shelving scheme Damaged status Home library Current library Shelving location Date acquired Source of acquisition Total Checkouts Full call number Barcode Date last seen Date checked out Copy number Price effective from Koha item type
    Library of Congress Classification   College Library College Library General Circulation Section 01/10/2014 Donation 1 P 90 .W29 2008 C9735 11/12/2019 11/09/2019 1 01/10/2014 Books

Media communication :

APA

Watson J., . (2008). Media communication. London: Palgrave Macmillan.

Chicago

Watson James, . 2008. Media communication. London: Palgrave Macmillan.

Harvard

Watson J., . (2008). Media communication. London: Palgrave Macmillan.

MLA

Watson James, . Media communication. London: Palgrave Macmillan. 2008.

  • Place hold
  • Print
  • Cite
  • Add to your cart (remove)
  • Save record
    BIBTEX Dublin Core MARCXML MARC (non-Unicode/MARC-8) MARC (Unicode/UTF-8) MARC (Unicode/UTF-8, Standard) MODS (XML) RIS
  • More searches
    Search for this title in:
    Other Libraries (WorldCat) Other Databases (Google Scholar) Online Stores (Bookfinder.com) Open Library (openlibrary.org)

Exporting to Dublin Core...

SOUTHVILLE LIBRARY

Southville International School and Colleges Library

1281 Tropical Ave. Cor. Luxembourg St., BF Homes International, Las Pinas City

Tel. No. 8256374 / 252358 Loc. 117/146

Powered by Koha